000
00246 a2200097 4500
020
_a
9788430516667
041
_a
spa
100
_a
Bartolozzi, Salvador
245
_a
Adventuras Maravillosas de Pipo y Pipa en Poder Del Bruj Pipirigail
942
_c
BK
999
_c
28528
_d
28528